00626 a2200181 450000100060000002000150000604000370002110000220005824000490008024500440012930000070017336200090018065000310018994200070022095201000022795201000032799900170042771399 a8598553069 cAnchieta - Colégio São Paulo aCedraz, Antônio10aLendas e mistérios da Turma do Xaxadolpor10aLendas e mistérios da Turma do Xaxado a470 a2005 4aLiteratura infanto-juvenil cBK 00104070a88.1b88.1d2023-11-22l0o028.5 C389p489/CSPr2023-11-22 14:27:35w2023-11-22yBK 00104070a88.1b88.1d2023-11-22l0o028.5 C389p490/CSPr2023-11-22 14:27:35w2023-11-22yBK c71399d71399